[Event "Bundesliga 2122"]
[Site "Germany"]
[Date "2022.05.28"]
[Round "9.8"]
[White "Arndt, Magnus"]
[Black "Hoffmann, Paul"]
[Result "1-0"]
[WhiteElo "2343"]
[BlackElo "2378"]
[PlyCount "103"]
[EventDate "2022.03.05"]
[EventType "team-tourn"]
[EventRounds "15"]
[EventCountry "GER"]
[SourceTitle "EXT 2023"]
[Source "ChessBase"]
[SourceDate "2022.10.05"]
[SourceVersion "1"]
[SourceVersionDate "2022.10.05"]
[SourceQuality "1"]
[WhiteTeam "Kiel Turm"]
[BlackTeam "Dresden TU"]
[WhiteTeamCountry "GER"]
[BlackTeamCountry "GER"]

1. d4 Nf6 2. c4 e6 3. g3 Bb4+ 4. Nd2 0-0 5. Bg2 d5 6. Ngf3 Be7 7. 0-0 a5 8. Qc2 c5 9. cxd5 exd5 10. dxc5 Na6 11. c6 bxc6 12. Qxc6 Bd7 13. Qc2 Rc8 14. Qd1 Nc5 15. Nd4 Qb6 16. N2b3 Na4 17. Nf3 Qa6 18. Ne5 Be8 19. Nd3 Ne4 20. Qe1 Bd8 21. Be3 Bb5 22. Rd1 Bf6 23. Bd4 Rfe8 24. Bxf6 Nxf6 25. Qd2 Nb6 26. Nd4 Nc4 27. Qf4 Bd7 28. Rc1 Qb6 29. b3 Nd6 30. Rxc8 Bxc8 31. Rc1 Nde4 32. e3 Ba6 33. Ne5 Qb4 34. Nef3 Qa3 35. Re1 Qxa2 36. Ng5 Qd2 37. Ra1 Rc8 38. h3 Bd3 39. Nf5 Qb4 40. Nxe4 Bxe4 41. Bxe4 dxe4 42. Qg5 Qf8 43. Rxa5 Rb8 44. Ra7 Kh8 45. Nh6 gxh6 46. Qxf6+ Qg7 47. Rxf7 Qxf6 48. Rxf6 Rxb3 49. Rxh6 Kg7 50. Re6 Rb4 51. g4 Kf7 52. Re5 1-0

[Event "Bundesliga 1920"]
[Site "Germany"]
[Date "2021.10.14"]
[Round "9.46"]
[White "Nikolic, Predrag"]
[Black "Hoffmann, Paul"]
[Result "1-0"]
[WhiteElo "2576"]
[BlackElo "2392"]
[PlyCount "71"]
[EventDate "2019.11.23"]
[EventType "team-tourn"]
[EventRounds "15"]
[EventCountry "GER"]
[SourceTitle "EXT 2022"]
[Source "ChessBase"]
[SourceDate "2021.10.06"]
[SourceVersion "1"]
[SourceVersionDate "2021.10.06"]
[SourceQuality "1"]
[WhiteTeam "Solingen"]
[BlackTeam "Dresden TU"]
[WhiteTeamCountry "GER"]
[BlackTeamCountry "GER"]

1. Nf3 Nf6 2. c4 e6 3. g3 b6 4. Bg2 Bb7 5. 0-0 Be7 6. d4 0-0 7. Bf4 d6 8. Nc3 Nbd7 9. d5 e5 10. Bd2 Nc5 11. Qc2 a5 12. b3 Bc8 13. a3 g6 14. Bh6 Re8 15. b4 Bf5 16. Qb2 Ng4 17. Bd2 Nb7 18. Ne1 e4 19. Nc2 Bf6 20. h3 Ne5 21. Ne3 Bg5 22. Qb3 a4 23. Nxa4 Bxe3 24. Bxe3 Qd7 25. Nc3 Bxh3 26. Nxe4 Kg7 27. Bd4 Bxg2 28. Kxg2 Qf5 29. Qf3 f6 30. Qxf5 gxf5 31. Nc3 Nxc4 32. Nb5 Re7 33. Rfc1 Nd2 34. Nxc7 Ra4 35. Ne6+ Kf7 36. Rc8 1-0

[Event "Bundesliga 1920"]
[Site "Germany"]
[Date "2019.11.23"]
[Round "1.3"]
[White "Donchenko, Alexander"]
[Black "Hoffmann, Paul"]
[Result "1-0"]
[WhiteElo "2650"]
[BlackElo "2392"]
[PlyCount "81"]
[EventDate "2019.11.23"]
[EventType "team-tourn"]
[EventRounds "15"]
[EventCountry "GER"]
[SourceTitle "CBM 193 Extra"]
[Source "ChessBase"]
[SourceDate "2020.01.31"]
[SourceVersion "1"]
[SourceVersionDate "2020.01.31"]
[SourceQuality "1"]
[WhiteTeam "Deizisau"]
[BlackTeam "Dresden TU"]
[WhiteTeamCountry "GER"]
[BlackTeamCountry "GER"]

1. d4 Nf6 2. c4 e6 3. g3 Bb4+ 4. Bd2 a5 5. Bg2 0-0 6. Nf3 d5 7. Qc2 Nc6 8. 0-0 Ne4 9. Be3 Be7 10. Nc3 Nb4 11. Qb1 Nxc3 12. bxc3 Nc6 13. a4 Bf6 14. Bf4 Re8 15. e4 dxe4 16. Qxe4 Bd7 17. h4 h6 18. Rfe1 Qc8 19. h5 Ra6 20. Bf1 Ne7 21. Bd3 Kf8 22. Qh7 Ng8 23. c5 Bc6 24. Ne5 Bxe5 25. Bxe5 f6 26. Bf4 Qd7 27. Bc4 Bf3 28. Qd3 Bxh5 29. Bxa6 bxa6 30. Qe4 g5 31. c6 Qf7 32. Bc1 Bg6 33. Qe2 Kg7 34. Qxa6 Ne7 35. Qxa5 Nxc6 36. Qb5 Qd7 37. a5 Rb8 38. Qe2 e5 39. a6 exd4 40. Qe6 Bf5 41. Qxd7+ 1-0

[Event "Bundesliga 1819"]
[Site "Germany"]
[Date "2019.04.07"]
[Round "15.7"]
[White "Hoi, Carsten"]
[Black "Hoffmann, Paul"]
[Result "1/2-1/2"]
[WhiteElo "2380"]
[BlackElo "2376"]
[PlyCount "54"]
[EventDate "2018.11.10"]
[EventType "team-tourn"]
[EventRounds "15"]
[EventCountry "GER"]
[SourceTitle "CBM 189 Extra"]
[Source "ChessBase"]
[SourceDate "2019.06.03"]
[SourceVersion "1"]
[SourceVersionDate "2019.06.03"]
[SourceQuality "1"]
[WhiteTeam "Kiel Turm"]
[BlackTeam "Dresden TU"]
[WhiteTeamCountry "GER"]
[BlackTeamCountry "GER"]

1. d4 Nf6 2. c4 e6 3. Nc3 Bb4 4. e3 0-0 5. Bd3 d5 6. Nge2 Be7 7. 0-0 c5 8. cxd5 exd5 9. dxc5 Bxc5 10. b3 Nc6 11. Bb2 a6 12. Nf4 Be6 13. Nce2 Ba7 14. Rc1 Qe7 15. Bb1 Rad8 16. Nd4 Bd7 17. Nxc6 Bxc6 18. Bd4 Bb8 19. Bc5 Bd6 20. Bxd6 Qxd6 21. Qd4 g6 22. Rfd1 Ne8 23. Qc5 Qe5 24. Qd4 Qd6 25. Nd3 Nc7 26. Qe5 Ne6 27. Qxd6 Rxd6 1/2-1/2

[Event "Bundesliga 1819"]
[Site "Germany"]
[Date "2019.04.06"]
[Round "14.7"]
[White "Hoffmann, Paul"]
[Black "Engel, Luis"]
[Result "0-1"]
[WhiteElo "2376"]
[BlackElo "2459"]
[PlyCount "226"]
[EventDate "2018.11.10"]
[EventType "team-tourn"]
[EventRounds "15"]
[EventCountry "GER"]
[SourceTitle "CBM 189 Extra"]
[Source "ChessBase"]
[SourceDate "2019.06.03"]
[SourceVersion "1"]
[SourceVersionDate "2019.06.03"]
[SourceQuality "1"]
[WhiteTeam "Dresden TU"]
[BlackTeam "Hamburger SK"]
[WhiteTeamCountry "GER"]
[BlackTeamCountry "GER"]

1. e4 c5 2. Nf3 d6 3. Bb5+ Nd7 4. 0-0 a6 5. Bd3 Ngf6 6. c3 b5 7. a4 c4 8. Bc2 Bb7 9. d3 e6 10. axb5 axb5 11. Rxa8 Qxa8 12. Na3 cxd3 13. Bxd3 Nxe4 14. Nxb5 Qb8 15. b4 Be7 16. Re1 d5 17. Nfd4 Bf6 18. c4 Be5 19. Nf3 Nc3 20. Nxc3 Bxc3 21. Bd2 Bxd2 22. Nxd2 0-0 23. c5 Qf4 24. Qc2 g6 25. Nf3 Rc8 26. Bb5 Bc6 27. Bxc6 Rxc6 28. Qa4 Rc7 29. Qa5 Rc8 30. Qa6 Qc7 31. Nd4 Rb8 32. c6 Nb6 33. Rc1 Nc4 34. Rxc4 dxc4 35. Qxc4 Qd6 36. Nb5 Qd1+ 37. Qf1 Qxf1+ 38. Kxf1 Rc8 39. Na7 Rc7 40. b5 Rxa7 41. b6 Ra1+ 42. Ke2 Rb1 43. b7 Kg7 44. Kd3 Kf6 45. c7 Rxb7 46. c8Q Rb5 47. Qh8+ Ke7 48. h4 h5 49. g3 Rf5 50. Qc8 Rd5+ 51. Ke4 Rd8 52. Qc5+ Ke8 53. f3 Rd5 54. Qc8+ Rd8 55. Qc5 Rd5 56. Qb4 g5 57. hxg5 Rxg5 58. Ke3 Rd5 59. Kf2 Rf5 60. Kg2 Rd5 61. Kh3 Rf5 62. Kg2 Rd5 63. Kh2 Rg5 64. Kh3 Rf5 65. Kh4 Rd5 66. Qa3 Rf5 67. g4 hxg4 68. fxg4 Rd5 69. Qb4 f6 70. Qb7 Kf8 71. Qc7 Rg5 72. Qd7 e5 73. Kg3 Rg7 74. Qe6 Rf7 75. Kf3 e4+ 76. Qxe4 Kg7 77. Kf4 Rc7 78. Qe6 Rc1 79. Qd7+ Kg6 80. Qd3+ Kg7 81. g5 fxg5+ 82. Kxg5 Rc5+ 83. Kf4 Rc7 84. Qd4+ Kf7 85. Qd5+ Ke8 86. Ke5 Rd7 87. Qg8+ Ke7 88. Qg5+ Kf7 89. Qf4+ Ke7 90. Qc4 Kd8 91. Qc5 Re7+ 92. Kd6 Rd7+ 93. Ke6 Rb7 94. Qf8+ Kc7 95. Kd5 Rb5+ 96. Kc4 Ra5 97. Qe7+ Kc6 98. Qe6+ Kb7 99. Kb4 Ra6 100. Qd7+ Kb6 101. Qc8 Ka7 102. Qc7+ Ka8 103. Qd7 Rb6+ 104. Ka5 Rb7 105. Qd8+ Ka7 106. Qc8 Rb5+ 107. Ka4 Ra5+ 108. Kb4 Rb5+ 109. Kc4 Rb6 110. Qd7+ Rb7 111. Qd8 Rb8 112. Qa5+ Kb7 113. Kd5 Rc8 0-1

[Event "Bundesliga 1819"]
[Site "Germany"]
[Date "2019.03.09"]
[Round "12.6"]
[White "Abergel, Thal"]
[Black "Hoffmann, Paul"]
[Result "1-0"]
[WhiteElo "2420"]
[BlackElo "2376"]
[PlyCount "41"]
[EventDate "2018.11.10"]
[EventType "team-tourn"]
[EventRounds "15"]
[EventCountry "GER"]
[SourceTitle "CBM 189 Extra"]
[Source "ChessBase"]
[SourceDate "2019.06.03"]
[SourceVersion "1"]
[SourceVersionDate "2019.06.03"]
[SourceQuality "1"]
[WhiteTeam "Viernheim"]
[BlackTeam "Dresden TU"]
[WhiteTeamCountry "GER"]
[BlackTeamCountry "GER"]

1. d4 Nf6 2. Nf3 e6 3. e3 b6 4. Bd3 Bb7 5. 0-0 Be7 6. c4 d6 7. Nc3 Nbd7 8. b3 0-0 9. Bb2 Re8 10. Qe2 e5 11. d5 Bf8 12. Bc2 a6 13. a3 g6 14. b4 Bg7 15. Ba4 Rf8 16. Nd2 Nb8 17. Nb3 Nfd7 18. e4 f5 19. f3 Nf6 20. c5 a5 21. bxa5 1-0

[Event "Bundesliga 1819"]
[Site "Germany"]
[Date "2019.03.01"]
[Round "9.6"]
[White "Abel, Dennes"]
[Black "Hoffmann, Paul"]
[Result "1/2-1/2"]
[WhiteElo "2465"]
[BlackElo "2376"]
[PlyCount "49"]
[EventDate "2018.11.10"]
[EventType "team-tourn"]
[EventRounds "15"]
[EventCountry "GER"]
[SourceTitle "CBM 189 Extra"]
[Source "ChessBase"]
[SourceDate "2019.06.03"]
[SourceVersion "1"]
[SourceVersionDate "2019.06.03"]
[SourceQuality "1"]
[WhiteTeam "Berlin SF"]
[BlackTeam "Dresden TU"]
[WhiteTeamCountry "GER"]
[BlackTeamCountry "GER"]

1. d4 Nf6 2. c4 e6 3. g3 Bb4+ 4. Nd2 d5 5. Bg2 0-0 6. Ngf3 a5 7. 0-0 Nbd7 8. Qc2 c5 9. cxd5 exd5 10. dxc5 a4 11. Nd4 Bxc5 12. N2f3 Qb6 13. Rd1 Re8 14. e3 Ne4 15. Bd2 Ndf6 16. h3 Bd7 17. Be1 Rac8 18. Qe2 Bd6 19. Rac1 h6 20. Rxc8 Rxc8 21. Nd2 Nc5 22. Nb1 Nce4 23. Nd2 Nc5 24. Nb1 Nce4 25. Nd2 1/2-1/2

[Event "Bundesliga 1819"]
[Site "Germany"]
[Date "2018.11.24"]
[Round "3.7"]
[White "Hoffmann, Paul"]
[Black "Movsesian, Sergei"]
[Result "0-1"]
[WhiteElo "2376"]
[BlackElo "2633"]
[PlyCount "72"]
[EventDate "2018.11.10"]
[EventType "team-tourn"]
[EventRounds "15"]
[EventCountry "GER"]
[SourceTitle "CBM 187 Extra"]
[Source "ChessBase"]
[SourceDate "2018.11.04"]
[SourceVersion "1"]
[SourceVersionDate "2018.11.04"]
[SourceQuality "1"]
[WhiteTeam "Dresden TU"]
[BlackTeam "Baden-Baden"]
[WhiteTeamCountry "GER"]
[BlackTeamCountry "GER"]

1. e4 c5 2. Nf3 e6 3. g3 Nc6 4. Bg2 Nf6 5. Qe2 e5 6. 0-0 Be7 7. Nc3 0-0 8. Nd5 d6 9. c3 Re8 10. d3 h6 11. Nxe7+ Nxe7 12. h3 Ng6 13. Be3 Be6 14. c4 Qd7 15. Kh2 Nh7 16. Ng1 f5 17. f4 Nf6 18. b3 Re7 19. Rad1 exf4 20. gxf4 Bf7 21. Qf2 fxe4 22. d4 cxd4 23. Bxd4 Nh5 24. Ne2 Rf8 25. Be3 Ree8 26. Qe1 Ne7 27. Nd4 Bg6 28. Qe2 Nf6 29. Qf2 b6 30. f5 Bh5 31. Rd2 Rf7 32. Qg3 Kh8 33. Qh4 d5 34. Bf4 Bf3 35. Bxf3 exf3 36. Rxf3 Nxf5 0-1

[Event "Bundesliga 1718"]
[Site "Germany"]
[Date "2018.04.30"]
[Round "14.7"]
[White "Hoffmann, Paul"]
[Black "Lauber, Arnd"]
[Result "0-1"]
[WhiteElo "2384"]
[BlackElo "2423"]
[PlyCount "64"]
[EventDate "2017.10.21"]
[EventType "team-tourn"]
[EventRounds "15"]
[EventCountry "GER"]
[SourceTitle "CBM 184"]
[Source "ChessBase"]
[SourceDate "2018.05.16"]
[SourceVersion "1"]
[SourceVersionDate "2018.05.16"]
[SourceQuality "1"]
[WhiteTeam "Dresden"]
[BlackTeam "Berlin SF"]
[WhiteTeamCountry "GER"]
[BlackTeamCountry "GER"]

1. e4 c6 2. d4 d5 3. Nc3 dxe4 4. Nxe4 Bf5 5. Ng3 Bg6 6. h4 h6 7. Nf3 Nf6 8. h5 Bh7 9. Bd3 Bxd3 10. Qxd3 e6 11. Bf4 Bd6 12. Bxd6 Qxd6 13. 0-0-0 0-0 14. Kb1 Nbd7 15. Ne4 Nxe4 16. Qxe4 Rad8 17. c3 Nf6 18. Qe2 Qd5 19. Rh4 Nxh5 20. Rdh1 Qf5+ 21. Ka1 Nf4 22. Qd2 Ng6 23. Rh5 Qf4 24. Qe2 Rd5 25. R5h2 Rfd8 26. g3 Qg4 27. Qe3 c5 28. a3 Rf5 29. Ne5 Nxe5 30. dxe5 Rd1+ 31. Rxd1 Qxd1+ 32. Ka2 Qd5+ 0-1

[Event "Bundesliga 1718"]
[Site "Germany"]
[Date "2017.12.09"]
[Round "5.8"]
[White "Martin, Julian"]
[Black "Hoffmann, Paul"]
[Result "1-0"]
[WhiteElo "2422"]
[BlackElo "2384"]
[PlyCount "133"]
[EventDate "2017.10.21"]
[EventType "team-tourn"]
[EventRounds "15"]
[EventCountry "GER"]
[SourceTitle "CBM 182"]
[Source "ChessBase"]
[SourceDate "2018.01.17"]
[SourceVersion "1"]
[SourceVersionDate "2018.01.17"]
[SourceQuality "1"]
[WhiteTeam "Baden-Baden"]
[BlackTeam "Dresden"]
[WhiteTeamCountry "GER"]
[BlackTeamCountry "GER"]

1. e4 c5 2. Nf3 Nc6 3. d4 cxd4 4. Nxd4 Nf6 5. Nc3 d6 6. g3 g6 7. Nde2 Bg7 8. Bg2 0-0 9. 0-0 h6 10. h3 Be6 11. Nd5 Kh7 12. a4 Ne5 13. Be3 Ne8 14. b3 Nc6 15. Rc1 Qc8 16. Nef4 Bd7 17. Kh2 e5 18. Ne2 f5 19. exf5 Bxf5 20. g4 Be6 21. c4 Qd7 22. Qd3 Nf6 23. Rfd1 Rad8 24. Ng3 Nd4 25. Nxf6+ Bxf6 26. Be4 Rg8 27. Nh5 Bh8 28. Rf1 Rdf8 29. f4 Bxg4 30. Bxd4 Bxh5 31. Bxe5 Be2 32. Qxe2 dxe5 33. Bd5 Rg7 34. fxe5 Rf5 35. Rxf5 gxf5 36. Kh1 Qe7 37. Re1 Qh4 38. Bg2 Re7 39. Qf1 Qg5 40. e6 Bc3 41. Re2 Bd4 42. Bd5 Qf6 43. Qf4 b6 44. a5 bxa5 45. Re1 Kg6 46. Qf3 Qg5 47. Qd3 Bc5 48. Rf1 Rg7 49. Be4 Kh7 50. Bxf5+ Kh8 51. Qf3 h5 52. Rd1 Qh4 53. Qa8+ Rg8 54. Qb7 Be7 55. Qe4 Qg5 56. Rf1 Rg7 57. Qf3 Bd6 58. Bd3 Qe5 59. Rf2 Rg3 60. Qa8+ Rg8 61. Qe4 Qa1+ 62. Rf1 Qg7 63. Qd5 Be5 64. Qf3 Qg5 65. e7 Bd6 66. e8Q Rxe8 67. Qf7 1-0

[Event "Bundesliga 1718"]
[Site "Germany"]
[Date "2017.11.12"]
[Round "4.1"]
[White "Hoffmann, Paul"]
[Black "Naumann, Alexander"]
[Result "1/2-1/2"]
[WhiteElo "2384"]
[BlackElo "2563"]
[PlyCount "56"]
[EventDate "2017.10.21"]
[EventType "team-tourn"]
[EventRounds "15"]
[EventCountry "GER"]
[SourceTitle "CBM 182"]
[Source "ChessBase"]
[SourceDate "2018.01.17"]
[SourceVersion "1"]
[SourceVersionDate "2018.01.17"]
[SourceQuality "1"]
[WhiteTeam "Dresden"]
[BlackTeam "Solingen"]
[WhiteTeamCountry "GER"]
[BlackTeamCountry "GER"]

1. e4 e5 2. Bc4 Nf6 3. d3 Nc6 4. Nf3 Be7 5. 0-0 0-0 6. Bb3 d6 7. c3 Na5 8. Bc2 c5 9. h3 h6 10. Nbd2 Nc6 11. Re1 Re8 12. d4 cxd4 13. cxd4 exd4 14. Nb3 Nb4 15. Bb1 d3 16. Nbd4 Bf8 17. a3 Na6 18. b4 Nxe4 19. Qxd3 d5 20. Bb2 Qb6 21. Re2 Nc7 22. Nd2 Qg6 23. Nxe4 dxe4 24. Rxe4 Bxh3 25. Qf3 Rxe4 26. Bxe4 Bg4 27. Bxg6 Bxf3 28. Bxf7+ Kxf7 1/2-1/2

[Event "Bundesliga 1617"]
[Site "Germany"]
[Date "2017.04.09"]
[Round "12.8"]
[White "Hoffmann, Paul"]
[Black "Carlstedt, Jonathan"]
[Result "1-0"]
[WhiteElo "2372"]
[BlackElo "2438"]
[PlyCount "185"]
[EventDate "2016.10.15"]
[EventType "team-tourn"]
[EventRounds "15"]
[EventCountry "GER"]
[SourceTitle "CBM 178"]
[Source "ChessBase"]
[SourceDate "2017.05.14"]
[SourceVersion "1"]
[SourceVersionDate "2017.05.14"]
[SourceQuality "1"]
[WhiteTeam "Dresden"]
[BlackTeam "Hamburger SK"]
[WhiteTeamCountry "GER"]
[BlackTeamCountry "GER"]

1. e4 e5 2. Bc4 Nf6 3. d3 c6 4. Nf3 Be7 5. 0-0 d6 6. a4 Bg4 7. Nbd2 Nbd7 8. Re1 0-0 9. h3 Bh5 10. g4 Bg6 11. Nf1 d5 12. exd5 cxd5 13. Ba2 e4 14. dxe4 dxe4 15. Nh4 Ne5 16. f4 Nfxg4 17. Nxg6 Nf3+ 18. Kg2 hxg6 19. hxg4 Bh4 20. Bd2 Qd7 21. Kh3 Bxe1 22. Bxe1 Qc7 23. Bg3 Rad8 24. Bd5 Qb6 25. c4 Qxb2 26. Ne3 Qc3 27. Qc1 Qd3 28. Ra3 Qe2 29. Ng2 Rfe8 30. Re3 Qd2 31. Qxd2 Nxd2 32. Be1 Nf1 33. Re2 e3 34. Nh4 Nd2 35. Bxd2 exd2 36. Rxd2 Re3+ 37. Kg2 Kf8 38. Ra2 b6 39. Nf3 Rd6 40. Kf2 Re7 41. g5 f6 42. Ra1 Ke8 43. Rh1 Kd7 44. Rh8 a6 45. Rb8 Kc7 46. Rb7+ Kd8 47. Rb8+ Kc7 48. Rb7+ Kd8 49. Rxe7 Kxe7 50. Nd4 Rd7 51. Ke3 Kd6 52. Nb3 Re7+ 53. Kd4 Re1 54. Be4 fxg5 55. fxg5 a5 56. Bxg6 Rg1 57. Nd2 Rd1 58. Kc3 Rc1+ 59. Bc2 Ke5 60. g6 Rh1 61. c5 bxc5 62. Nc4+ Kd5 63. Nxa5 Rh3+ 64. Bd3 Rg3 65. Nc4 Kc6 66. Nd2 Rg4 67. a5 Rg3 68. a6 Kb6 69. Nb3 Rg4 70. Nd2 Rg3 71. Kc2 Ka7 72. Nf1 Rh3 73. Kd2 Rf3 74. Ne3 Rf6 75. Kc3 Rd6 76. Ng4 Rd5 77. Nh2 Rd6 78. Nf3 Re6 79. Kc4 Kb6 80. Kd5 Re7 81. Ne5 Re8 82. Nd7+ Ka7 83. Kxc5 Re3 84. Kd4 Re6 85. Kd5 Re3 86. Ne5 Re1 87. Kd6 Re3 88. Bc4 Rg3 89. Nc6+ Kb6 90. Ne7 Rg4 91. Nc8+ Ka5 92. a7 Rxg6+ 93. Be6 1-0

[Event "Bundesliga 1617"]
[Site "Germany"]
[Date "2016.12.04"]
[Round "6.8"]
[White "Muse, Drazen"]
[Black "Hoffmann, Paul"]
[Result "0-1"]
[WhiteElo "2358"]
[BlackElo "2372"]
[PlyCount "126"]
[EventDate "2016.10.15"]
[EventType "team-tourn"]
[EventRounds "15"]
[EventCountry "GER"]
[SourceTitle "CBM 176"]
[Source "ChessBase"]
[SourceDate "2017.01.17"]
[SourceVersion "1"]
[SourceVersionDate "2017.01.17"]
[SourceQuality "1"]
[WhiteTeam "Koenig Tegel"]
[BlackTeam "Dresden"]
[WhiteTeamCountry "GER"]
[BlackTeamCountry "GER"]

1. d4 Nf6 2. g3 e6 3. Bg2 c5 4. Nf3 Nc6 5. 0-0 d5 6. c3 Be7 7. dxc5 Bxc5 8. Bg5 h6 9. Bxf6 Qxf6 10. Nbd2 0-0 11. e4 Bb6 12. exd5 exd5 13. Nb3 Bf5 14. Nfd4 Be4 15. Nxc6 bxc6 16. Bxe4 dxe4 17. Qg4 Qe5 18. Rae1 f5 19. Qe2 Rae8 20. Qc4+ Kh8 21. Nd4 f4 22. f3 e3 23. Kg2 Rf6 24. Ne2 fxg3 25. hxg3 Rd8 26. f4 Qf5 27. Nd4 Bxd4 28. cxd4 Qe4+ 29. Kh3 Rxd4 30. Qe2 Re6 31. f5 Re5 32. f6 Qd5 33. g4 gxf6 34. Rxf6 Kg7 35. Qf3 Qxf3+ 36. Rxf3 e2 37. Kg3 Kg6 38. Rc3 Kg5 39. Rxc6 Rxg4+ 40. Kf3 Rf4+ 41. Kg2 Re7 42. Rc2 Rfe4 43. Kf3 Re3+ 44. Kf2 Kf6 45. Rc6+ R3e6 46. Rc2 Kf7 47. b3 Ke8 48. Rd2 Re5 49. Kf3 R7e6 50. Kf2 Ke7 51. Kf3 Re3+ 52. Kf2 h5 53. Rd5 R6e5 54. Rd4 R3e4 55. Rd2 h4 56. Rdxe2 Rxe2+ 57. Rxe2 Rxe2+ 58. Kxe2 Kd6 59. Kf3 Kc5 60. Kg4 Kb4 61. Kxh4 a5 62. Kg3 Ka3 63. Kf3 Kxa2 0-1

[Event "Bundesliga 1617"]
[Site "Germany"]
[Date "2016.10.15"]
[Round "1.8"]
[White "Hoffmann, Paul"]
[Black "Di Benedetto, Edoardo"]
[Result "1/2-1/2"]
[WhiteElo "2372"]
[BlackElo "2241"]
[PlyCount "83"]
[EventDate "2016.10.15"]
[EventType "team-tourn"]
[EventRounds "15"]
[EventCountry "GER"]
[SourceTitle "EXT 2017"]
[Source "ChessBase"]
[SourceDate "2016.10.25"]
[SourceVersion "1"]
[SourceVersionDate "2016.10.25"]
[SourceQuality "1"]
[WhiteTeam "Dresden"]
[BlackTeam "Aachen"]
[WhiteTeamCountry "GER"]
[BlackTeamCountry "GER"]

1. e4 e6 2. d4 d5 3. Nc3 Nf6 4. Bg5 Bb4 5. e5 h6 6. Bd2 Bxc3 7. bxc3 Ne4 8. Bd3 Nxd2 9. Qxd2 c5 10. Nf3 Nc6 11. 0-0 Qa5 12. dxc5 Qxc5 13. Rab1 a6 14. Qf4 Qxc3 15. Rfe1 0-0 16. g4 f6 17. Qg3 Qc5 18. exf6 Rxf6 19. Ne5 Nxe5 20. Rxe5 Qd4 21. Rd1 Qf4 22. g5 Qxg3+ 23. hxg3 hxg5 24. c4 Kf7 25. cxd5 exd5 26. Rxd5 Be6 27. Rc5 Rc8 28. Rdc1 Rxc5 29. Rxc5 Bxa2 30. Rc7+ Kf8 31. Rxb7 Rd6 32. Be2 Re6 33. Kf1 Bd5 34. Ra7 Rb6 35. f3 Bb7 36. Kf2 Ke8 37. Ke3 Kd8 38. Bxa6 Re6+ 39. Kd4 Bxa6 40. Rxg7 Be2 41. Rxg5 Bxf3 42. Rf5 1/2-1/2

[Event "Bundesliga 1516"]
[Site "Germany"]
[Date "2016.04.10"]
[Round "13.8"]
[White "Cioara, Andrei Nestor"]
[Black "Hoffmann, Paul"]
[Result "1/2-1/2"]
[WhiteElo "2425"]
[BlackElo "2358"]
[PlyCount "41"]
[EventDate "2015.09.18"]
[EventType "team-tourn"]
[EventRounds "15"]
[EventCountry "GER"]
[SourceTitle "CBM 172"]
[Source "ChessBase"]
[SourceDate "2016.05.12"]
[SourceVersion "1"]
[SourceVersionDate "2016.05.12"]
[SourceQuality "1"]
[WhiteTeam "Trier"]
[BlackTeam "Dresden TU"]
[WhiteTeamCountry "GER"]
[BlackTeamCountry "GER"]

1. d4 Nf6 2. c4 e6 3. g3 Bb4+ 4. Bd2 Qe7 5. Bg2 Nc6 6. e3 Bxd2+ 7. Nxd2 e5 8. d5 Nb8 9. Ne2 a5 10. 0-0 0-0 11. Rb1 d6 12. Qc2 Nbd7 13. Nc3 h5 14. h3 Nh7 15. Rbe1 f5 16. f4 Nc5 17. h4 e4 18. Re2 c6 19. Nb3 Nd3 20. Nc1 Nc5 21. Nb3 1/2-1/2

[Event "Bundesliga 1415"]
[Site "Germany"]
[Date "2015.04.11"]
[Round "14.7"]
[White "Hoffmann, Paul"]
[Black "Fiebig, Thomas"]
[Result "0-1"]
[WhiteElo "2355"]
[BlackElo "2401"]
[PlyCount "58"]
[EventDate "2014.10.18"]
[EventType "team-tourn"]
[EventRounds "15"]
[EventCountry "GER"]
[SourceTitle "CBM 166"]
[Source "ChessBase"]
[SourceDate "2015.05.11"]
[SourceVersion "1"]
[SourceVersionDate "2015.05.11"]
[SourceQuality "1"]
[WhiteTeam "Dresden TU"]
[BlackTeam "Emsdetten Turm"]
[WhiteTeamCountry "GER"]
[BlackTeamCountry "GER"]

1. e4 e6 2. d4 d5 3. exd5 exd5 4. Bd3 c5 5. dxc5 Bxc5 6. Ne2 Nf6 7. 0-0 0-0 8. Nbc3 Bg4 9. Bg5 Nc6 10. Qd2 d4 11. Bxf6 Qxf6 12. Ne4 Qe7 13. Nf4 Rad8 14. a3 Bb6 15. h3 Bc8 16. Nh5 f5 17. Ng5 h6 18. Nf3 Bc7 19. Bc4+ Kh7 20. Nf4 Ne5 21. Nxe5 Qxe5 22. g3 Qe4 23. Nd5 b5 24. Rae1 Qf3 25. Re7 Bd6 26. Rfe1 Bxe7 27. Rxe7 bxc4 28. Qxd4 Rg8 29. Nf6+ Kg6 0-1

[Event "Bundesliga 1415"]
[Site "Germany"]
[Date "2015.02.22"]
[Round "11.3"]
[White "Hoffmann, Paul"]
[Black "Paehtz, Elisabeth"]
[Result "0-1"]
[WhiteElo "2355"]
[BlackElo "2477"]
[PlyCount "136"]
[EventDate "2014.10.18"]
[EventType "team-tourn"]
[EventRounds "15"]
[EventCountry "GER"]
[SourceTitle "CBM 165"]
[Source "ChessBase"]
[SourceDate "2015.03.11"]
[SourceVersion "1"]
[SourceVersionDate "2015.03.11"]
[SourceQuality "1"]
[WhiteTeam "Dresden TU"]
[BlackTeam "Hockenheim"]
[WhiteTeamCountry "GER"]
[BlackTeamCountry "GER"]

1. e4 c5 2. Nf3 e6 3. Nc3 a6 4. a4 Nc6 5. g3 Nf6 6. Bg2 Be7 7. 0-0 d6 8. d4 cxd4 9. Nxd4 Qc7 10. Re1 0-0 11. Nce2 e5 12. Nxc6 bxc6 13. Nc3 a5 14. b3 Rd8 15. Bb2 Be6 16. Qe2 Qa7 17. h3 Rd7 18. Rad1 Bd8 19. Kh1 Bb6 20. f4 Rdd8 21. Qf3 Bd4 22. Ba3 h5 23. f5 Bc8 24. Ne2 Bc5 25. Bxc5 Qxc5 26. Nc3 Kf8 27. Qe3 Qxe3 28. Rxe3 Ke7 29. Nb1 g6 30. fxg6 fxg6 31. Nd2 Be6 32. Kh2 Rab8 33. Nf3 Rb4 34. Ne1 Rb6 35. Rdd3 Nd7 36. Rd2 Rf8 37. Kg1 c5 38. c4 Nb8 39. Nc2 Nc6 40. Na3 Rb4 41. Nc2 Rbb8 42. Na3 Nd4 43. Nb5 Rf6 44. Red3 Rbf8 45. Rb2 Bd7 46. Re3 Bc6 47. Nc3 R6f7 48. Nb5 Bd7 49. Nc3 Kd8 50. Nb5 Rf6 51. Nc3 Be6 52. Nb5 Kd7 53. Nc3 Kc6 54. Nb5 R6f7 55. Rd3 Bd7 56. Re3 Rf6 57. Nc3 Nf3+ 58. Kh1 Ng5 59. Kh2 Rf2 60. Rxf2 Rxf2 61. h4 Ne6 62. Nd5 Nd4 63. Kg1 Rf7 64. Rd3 Bg4 65. Nc3 Nxb3 66. Nd5 Nd4 67. Rd2 Be2 68. Rb2 Rb7 0-1

[Event "BL2-Ost 1314"]
[Site "Germany"]
[Date "2014.01.21"]
[Round "10.6"]
[White "Hoffmann, Paul"]
[Black "Hoffmeyer, Falk"]
[Result "1/2-1/2"]
[WhiteElo "2341"]
[BlackElo "2301"]
[PlyCount "85"]
[EventDate "2013.10.12"]
[EventType "team-tourn"]
[EventRounds "10"]
[EventCountry "GER"]
[SourceTitle "EXT 2015"]
[Source "ChessBase"]
[SourceDate "2014.11.20"]
[SourceVersion "1"]
[SourceVersionDate "2014.11.20"]
[SourceQuality "1"]
[WhiteTeam "Dresden USV"]
[BlackTeam "Zugzwang MSA"]
[WhiteTeamCountry "GER"]
[BlackTeamCountry "GER"]

1. e4 c6 2. Nf3 d5 3. exd5 cxd5 4. Ne5 Nf6 5. d4 g6 6. Bb5+ Nbd7 7. 0-0 Bg7 8. Re1 0-0 9. Nc3 a6 10. Bf1 Nb6 11. a4 Be6 12. Nd3 Nc4 13. Nf4 Bf5 14. Nce2 Re8 15. Ng3 Bg4 16. f3 Bc8 17. b3 Nd6 18. Bb2 b6 19. Nd3 Bb7 20. Ne5 Nd7 21. Ne2 Rc8 22. Nf4 Nf5 23. Nfd3 Qc7 24. c4 dxc4 25. bxc4 Nxe5 26. Nxe5 Red8 27. d5 e6 28. Bd3 b5 29. axb5 axb5 30. dxe6 fxe6 31. cxb5 Qc5+ 32. Kh1 Ne3 33. Qe2 Bxe5 34. Bxe5 Qxe5 35. Qxe3 Qxe3 36. Rxe3 Rc3 37. Rd1 Bd5 38. Ree1 Bb3 39. Bc2 Rxd1 40. Bxd1 Rc1 41. b6 Bxd1 42. b7 Rb1 43. h4 1/2-1/2